01338 a2200157 45000010006000000050017000060080041000230030015000640400040000790800122001192450036002412640027002773000019003045050831003231000026011544791320260407155744.0260407a1960 arg spa dAR-UNSa-BCEJYS aAR-UNSa-BCEJYSbspacAR-UNSa-BCEJYS a101.1xNaturaleza de la filosofía. La filosofía como ciencia. La filosofía como arte (pensamiento filosófico)10aIntroducción a la filosofía 1aMadrid :bGredosc1960 a414 p.c21 cm. a1. La voz "filosofía" en griegos y romanos - 2. La voz "filosofía" después del cristianismo - 3. Platón - 4. Aristóteles - 5. Origen del conocimiento - 6. Supuestos y estructura del conocimiento - 7. Ciencia y filosofía - 8. Filosofía y sentido común - 9. Filosofía y teología - 10. Los temas de la filosofía - 11. El tema del conocimiento: Kant - 12. El tema de la cultura - Segunda Parte: 13. Realismo y filosofía: Santo Tomás - 14. Abstracción y filosofía - 15. Clasificación de las ciencias: lógica, cosmología - 16. La psicología - 17. La metafísica - 18. Las ciencias prácticas - 19. El espiritualismo - 20. La fenomenología: Husserl y Descartes - 21. La teoría de los objetos - 22. Max Scheler y los valores - 23. Heidegger y la filosofía existencial - 24. El marxismo - 1 aCasas, Manuel Gonzalo